00739nam a2200205 a 45000010005000000030009000050080041000140200015000550400028000700820009000981000025001072450041001322600030001733000014002035900107002176500031003249420012003559990017003679520149003848555CO-ViMGA141112s2004 ck r 000 u spa d a8477226156 aCO-ViMGAbspacCO-ViMGA04aDENf1 aDENOU, VIOLETA9840510aLA FAMILIA DE TEO / cDENOU VIOLETA  aBARCELONA, cCEAC, c1996 a10 p. il. aForma de adquisición : COMPRA - - Proveedor : PROYECTO FIS - - Fecha de adquisición : 24 - 07 - 9914aCUENTOS ILUSTRATIVOS98406 2ddccBK c20202d20202 01102ddc44708003aMEVIECARbMEVIECARcSInfd2015-12-04hVolumen. 1 | 11/jun/2009l0oDENf p8555r2015-12-04 00:00:00tEj. 1w2015-12-04yBK